00552nam a2200181 a 45000010010000000030011000100080041000210350026000620820014000881000021001022450034001232600051001576500018002089420012002269520097002389980020003359990015003550000-8763ELIB.Books110520 2000  a(ELIB.Books)0000-8909 a225 bStr aStrecker, George aTheology of the New Testament bLouisville: Westminster John Knox Press c2000 aNew Testament 2ddccBK 00102ddc4070aKBTSbKBTSd2011-05-20l0p8914, 15725r2022-01-22 00:00:00w2022-01-22yBK cbate2011-05-20 c8763d8763